Chefs d'Etat du Mexique - Statistiques

Statistiques générales
  • Ce quiz a été pris 62 fois
  • Le résultat moyen est 21 sur 105
Statistiques - réponses
Hint Réponse % Correct
1855-1861 | 1861-1862 | 1867-1872 Benito Juarez
75%
1876-1876 | 1877-1880 | 1884-1911 Porfirio Diaz
65%
2000-2006 Vicente Fox
65%
1920-1920 Adolfo de la Huerta
45%
1833-1833 | 1834-1835 | 1839-1839 | +4 others Antonio Lopez de Santa Anna
45%
1843-1843 Antonio Lopez de Santa Anna
45%
1934-1940 Lazaro Cardenas
45%
1982-1988 Miguel de la Madrid
45%
1914-1920 Venustiano Carranza
45%
1913-1914 Victoriano Huerta
45%
1920-1924 Alvaro Obregon
40%
1783-1824 Augustin 1er
40%
2012-2018 Enrique Pena Nieto
40%
1914-1915 Eulalio Gutierrez
40%
2006-2012 Felipe Calderon
40%
1911-1913 Francisco I Madero
40%
1924-1928 Plutarco Elias Calles
40%
1829-1829 Vincente Guerrero
40%
1988-1994 Carlos Salinas de Gortari
35%
1994-2000 Ernesto Zedillo
35%
1847-1847 | 1848-1848 Manuel de la Pena y Pena
35%
1914-1914 Francisco Carvajal
30%
1964-1970 Gustavo Diaz Ordaz
30%
1864-1867 Maximilien Ier
30%
1872-1876 Sebastian Lerdo de Tejada
30%
1823-1824 | 1824-1829 Guadalupe Victoria
20%
1976-1982 Jose Lopez Portillo
20%
1841-1841 Francisco Javier Echeverria
15%
1855-1855 Juan Alvarez
15%
1970-1976 Luis Echeverria
15%
1880-1884 Manuel Gonzalez
15%
1823-1824 | 1839-1839 | 1842-1843 | 1846-1846 Nicolas Bravo
15%
1932-1934 Abelardo L Rodriguez
10%
1928-1930 Emilio Portes Gil
10%
1844-1844 | 1844-1845 | 1848-1851 Jose Joaquin de Herrera
10%
1853-1853 Juan Bautista Ceballos
10%
1862-1863 | 1863-1863 | 1863-1864 Juan Nepomuceno Almonte
10%
1946-1952 Miguel Aleman Valdes
10%
1913-1913 Pedro Lascurain Paredes
10%
1833-1833 | 1833-1834 | 1846-1847 Valentin Gomez Farias
10%
1958-1964 Adolfo Lopez Mateos
5%
1876-1876 Jose Maria Iglesias
5%
1829-1829 Luis Quintanar
5%
1853-1853 Manuel María Lombardini
5%
1952-1958 Adolfo Ruiz Cortines
0%
1830-1832 | 1837-1839 | 1839-1841 Anastasio Bustamante
0%
1858-1858 Felix María Zuloaga
0%
1915-1915 Francisco Lagos Chazaro
0%
1911-1911 Francisco Leon de la Barra
0%
1855-1858 Ignacio Comonfort
0%
1860-1860 | 1860-1861 Jose Ignacio Pavon
0%
1836-1837 Jose Justo Corro
0%
1829-1829 Jose Maria Bocanegra
0%
1846-1846 | 1859-1859 Jose Mariano Salas
0%
1876-1877 Juan N Mendez
0%
1829-1829 Lucas Alaman
0%
1940-1946 Manuel Avila Camacho
0%
1832-1833 Manuel Gomez Pedraza
0%
1858-1859 Manuel Robles Pezuela
0%
1851-1853 Mariano Arista
0%
1845-1846 Mariano Paredes y Arrillaga
0%
1855-1855 Martín Carrera
0%
1832-1832 Melchor Muzquiz
0%
1835-1836 Miguel Barragan
0%
1859-1860 | 1860-1860 Miguel Miramon
0%
1930-1932 Pascual Ortiz Rubio
0%
1823-1824 Pedro Celestino Negrete
0%
1847-1847 | 1847-1848 Pedro Maria Anaya
0%
1829-1829 Pedro Velez
0%
1855-1855 Romulo Diaz de la Vega
0%
1915-1915 Roque Gonzalez Garza
0%
1843-1844 Valentín Canalizo
0%
1844-1844 Valentin Canalizo
0%
Aucun quiz correspondant
Distribution des résultats
% des personnes avec chaque résultat
Percentile par nombre de réponses
Votre historique - résultats
Vous n’avez pas pris ce quiz